000 02967cam a22004934i 4500
003 PE-LiUPU
005 20250731173336.0
008 150706s r 000 0 d
020 _a9780802845603
035 _a(Sirsi) i9780802845603
040 _aPE-LiUPU
_bspa
_cPE-LiUPU
_erda
049 _aPRUA
082 0 4 _a234.8
_bH
_221
245 0 1 _aHoliness and ecclesiology in the New Testament /
_cedited by Kent E. Brower & Andy Johnson.
264 1 _aGrand Rapids, Mich. :
_bWilliam B. Eerdmans Pub.,
_c2007.
300 _a385 páginas ;
_c24 centímetros
336 _atext
_2rdacontent
337 _aunmediated
_2rdamedia
338 _avolume
_2rdacarrier
505 0 _aHoliness and the Ekkle¯sia of God -- The Dead Sea Scrolls and New Testament ecclesiology -- Holiness in the Dead Sea Scrolls : the priorities of faith -- Holiness and ecclesiology : the church in Matthew -- The Holy One of God and his disciples : holiness and ecclesiology in Mark -- Gathered at the table : holiness and ecclesiology in the Gospel of Luke -- The holiness of Jesus and his disciples in the Gospel of John -- Holiness in the book of acts -- Reading Paul with Acts : the canonical shaping of a holy church -- "You shall be cruciform for I am cruciform": Paul's trinitarian reconstruction of holiness -- Made holy by the Holy Spirit : holiness and ecclesiology in Romans -- Carnal conduct and sanctification in 1 Corinthians -- The people of God in a pluralistic society : holiness in 2 Corinthians -- Circumcision in Galatia and the holiness of God's ecclesiae -- Church and holiness in Ephesians -- Working out salvation : holiness and community in Philippians -- The sanctification of the imagination in 1 Thessalonians -- The perfection of Christ and the perfecting of believers in Hebrews -- Living as exiles : the church in the diaspora in 1 Peter -- Holiness and ecclesiology in Jude and 2 Peter -- "On earth as it is in heaven" : holiness and the people of God in Revelation.
526 _aSEG42
526 _aSEG41
526 _aSEG40
526 _aSEG39
526 _aP94
526 _aP87
526 _aP86
526 _aP85
526 _aP77
526 _aP76
526 _aP35
541 _g104-3776787-4588217;
630 _aBiblia.
_pN.T.
_xCrítica, interpretación, etc.
650 0 4 _aIglesia
_xEnseñanza Bíblica.
650 0 4 _aSantidad
_xEnseñanza Bíblica.
700 1 _aBrower, Kent E.,
_eed.
700 1 _aJohnson, Andy,
_eed.
910 _agl
_bjv
_clch
_d20090810
942 _2ddc
_cBOOK
949 _a234.8 H
_wDEWEY
_c1
_i59789
_lCCODEBUL1
_mBUL
_p27.00
_r0
_sY
_tBOOK
_u2015-7-6
_xTEOLOGIA
_PP85
_0COMPRA
_o.STAFF. Colección General
994 _aC0
_bPEPRU
596 _a1
999 _a234.8 H
_wDEWEY
_c49321
_i59789
_f2021-11-10
_g5
_lCCODEBUL1
_mBUL
_p27.00
_r0
_sY
_tBOOK
_u2015-7-6
_xTEOLOGIA
_PP85
_0COMPRA
_o.STAFF. Colección General
_d49321
980 _81
_gALBERTO SANCHEZ Responsable de Automatización